000 00272nam a2200109Ia 4500
005 20251222154404.0
008 251222s9999||||xx |||||||||||||| ||spa||
082 _a868.9/A75
100 _a"Arniches, Carlos"
245 0 _aLa seƱorita de trevelez es mi hombre
942 _cLIB
999 _c35424
_d35424